Devolution in the UK (AQA A level politics) - Statistics

General Stats
  • This quiz has been taken 29 times
  • The average score is 9 of 24
Answer Stats
Hint Answer % Correct
When was the Scottish devolution referendum? 1998
85%
When was the Government of Wales Act? 1998
85%
when was the Good Friday Agreement? 1998
85%
when was the third Government of Wales Act? 2014
75%
what main area was Scotland given more power over tax
70%
when was the second Scotland act? 2016
60%
what voting system is used now to elect members of the NI Assembly and local councils singe transferrable vote/STV
60%
Scotland was given powers over: (1) education
55%
when was the second Government of Wales Act? 2006
50%
what % voted for the peace making agreement? 71%
50%
what % voted for Scottish devolution? 74%
50%
which voting system is used in scottish elections? additional member system/AMS
50%
Scotland was given powers over: (3) health
45%
what was the voter turnout of the Northern Ireland Good Friday Referendum? 81%
35%
What was the voter turnout of the Scottish devolution referendum? 60%
25%
what industry was Scotland allowed to regulate energy
10%
what did this act give Wales power over? (1) stamp duty
10%
Scotland was given powers over: (2) criminal law
5%
what did this act separate executive and legislature
5%
Scotland was given powers over: (5) income tax
5%
what voting system was used to elect the Irish Assembly when it was established? Proportional Representation
5%
What was Wales granted the power to run? public services
5%
what did this act give Wales power over? (2) business taxes
0%
Scotland was given powers over: (4) public transport
0%
No matching quizzes found
Score Distribution
Percent of People with Each Score
Percentile by Number Answered
Your Score History
You have not taken this quiz